| 000 | 01556nam0a22002651 4500 | ||
|---|---|---|---|
| 001 | rc\4847846 | ||
| 005 | 20260407170656.0 | ||
| 021 |
_aRU _b[64-82815] |
||
| 035 | _a(NLR Aleph) 008897171 | ||
| 090 |
_a8679306 _c8679306 |
||
| 100 | _a20130426d1963 |||y0rusy50 ca | ||
| 101 | 0 | _arus | |
| 102 | _aRU | ||
| 105 | _aa z ||||| | ||
| 200 | 1 |
_aТипы птицеводческих зданий _eСовременное состояние проектирования, строительства и эксплуатации _e(Материалы координационного совещания). [16-18 апр. 1963 г. Загорск-Москва] _fГлавсельстройпроект при Госстрое СССР. Науч.-исслед. ин-т сел. зданий и сооружений |
|
| 210 |
_aОрел _cБ. и. _d1963 |
||
| 215 |
_a89 с. _cчерт. _d20 |
||
| 606 |
_aПтицефермы _xПланировка и строительство _jСборники _2psbo |
||
| 712 | 0 | 2 |
_aНИИ сельских зданий и сооружений _cМосква _9506444 _3RU\NLR\AUTH\8810004569 |
| 712 | 1 | 2 |
_aКоординационное совещание по теме "Типы птицеводческих зданий. Современное состояние проектирования, строительства и эксплуатации" _eЗагорск/Москва _f1963 _9713584 _3RU\NLR\AUTH\8810106689 |
| 801 | 0 |
_aRU _bNLR _gpsbo |
|
| 801 | 1 |
_aRU _bELAR _2rusmarc |
|
| 852 |
_aNLR _j65.8/2047 |
||
| 942 | _cBOOK | ||
| 980 | _aNB | ||